Ten steps to complex learning : a systematic approach to four-component instructional design /

"Ten Steps to Complex Learning presents in ten steps a path from a training problem to a training solution in a way that students, practitioners, (both instructional designers and teachers) and researchers can understand and use"--

Bibliographic Details
Main Author: Merriënboer, Jeroen J. G. van, 1959-
Corporate Author: ebrary, Inc
Other Authors: Kirschner, Paul Arthur, 1951-
Format: eBook
Language:English
Published: New York : Routledge, 2013.
Edition:2nd ed.
Subjects:
Online Access:Connect to the full text of this electronic book

MARC

Tag First Indicator Second Indicator Subfields
LEADER 00000cam a2200000 a 4500
001 in00002786072
006 m o d
007 cr cn|||||||||
008 120316s2013 nyua ob 001 0 eng d
005 20250816204305.7
010 |z  2012009751 
020 |z 9780415807951 (hardback) 
020 |z 9780415807968 (pbk) 
020 |z 9780203096864 (e-book) 
035 |a (CaPaEBR)ebr10619128 
040 |a CaPaEBR  |c CaPaEBR  |d UtOrBLW 
050 1 4 |a LB1028.38  |b .M464 2013eb 
082 0 4 |a 371.3  |2 23 
100 1 |a Merriënboer, Jeroen J. G. van,  |d 1959- 
245 1 0 |a Ten steps to complex learning :  |b a systematic approach to four-component instructional design /  |c Jeroen J.G. van Merriënboer and Paul A. Kirschner. 
250 |a 2nd ed. 
264 1 |a New York :  |b Routledge,  |c 2013. 
300 |a 1 online resource (xii, 332 pages) :  |b illustrations 
336 |a text  |b txt  |2 rdacontent 
337 |a computer  |b c  |2 rdamedia 
338 |a online resource  |b cr  |2 rdacarrier 
504 |a Includes bibliographical references and index. 
520 |a "Ten Steps to Complex Learning presents in ten steps a path from a training problem to a training solution in a way that students, practitioners, (both instructional designers and teachers) and researchers can understand and use"--  |c Provided by publisher. 
500 |a Electronic resource. 
650 0 |a Instructional systems  |x Design. 
655 7 |a Electronic books.  |2 local 
700 1 |a Kirschner, Paul Arthur,  |d 1951- 
710 2 |a ebrary, Inc. 
856 4 0 |u https://ebookcentral.proquest.com/lib/tamucs/detail.action?docID=1046854  |y Connect to the full text of this electronic book  |t 0 
980 |a 121113  |b 135  |c USD  |e 135  |f YBP_EBR0000046659  |g 1 
999 f f |s e63952db-7603-3b08-9c86-eb44cd95efac  |i caa8c3bf-f537-3ceb-b656-936b9fa1ddfb  |t 0 
999 |a MARS 
952 f f |a Texas A&M University  |b College Station  |c Electronic Resources  |d Available Online  |t 0  |e LB1028.38 .M464 2013eb  |h Library of Congress classification 
998 f f |a LB1028.38 .M464 2013eb  |t 0  |l Available Online